| LEADER |
01043nam0a2200217 450 |
| 001 |
16867854 |
| 010 |
|
|
|a 978-2-302-03059-6
|b cart.
|d 14,5
|
| 100 |
|
|
|a 20131018d2013 u u0frey01 ba
|
| 101 |
0 |
|
|a fre
|
| 102 |
|
|
|a FR
|
| 200 |
0 |
|
|a Elfe blanc, coeur noir
|f scénario Peru
|g dessins Bileau - couleurs Merli
|
| 207 |
|
1 |
|a
|
| 215 |
|
|
|a 1 vol. (56 p.)
|c illustrations en couleur
|d 33 x 24 cm
|
| 330 |
|
|
|a Tomaison. 1ère partie de la trilogie 'Les Elfes blancs'. Les Elfes blancs, des sages immortels ayant pour mission la conservation de tout ce qui est voué à disparaître (livres, armes, oeuvres d'art et même êtres vivants) apprennent l'existence du dernier dragon blanc. Ils envoient deux de leurs meilleurs pisteurs le capturer.
|
| 461 |
|
0 |
|t Les Elfes blancs
|v 01
|
| 700 |
|
0 |
|a Peru
|b Olivier
|4 70
|
| 701 |
|
0 |
|a Bileau
|b Stéphane
|4 440
|
| 702 |
|
0 |
|a Merli
|4 410
|
| 900 |
|
|
|a Bande dessinée (ados-adultes)
|
| 901 |
|
|
|a Adultes
|
| 995 |
|
|
|a Médiathèque
|c Médiathèque
|f 00156008797185
|h 00156008797185
|k BDJ ELF BLA 1
|o p
|q a
|r az
|e Médiathèque
|